000 00329nam a2200133Ia 4500
005 20251222143118.0
008 251222s9999||||xx |||||||||||||| ||spa||
020 _a84-7490-076-X
082 _a231/G51/2005
100 _aGiussani, Luigi
245 0 _aEl Sentido de Dios y El Hombre Moderno
264 _bEncuentro
942 _cLIB
999 _c11424
_d11424